000 nam a22 7a 4500
999 _c9936
_d9936
008 180208b ||||| |||| 00| 0 eng d
100 _aBaxer, N
_95997
245 _aSleebing Beauty
260 _aLondon
_bLadybird Publication
_c1994